|
|
|
|
| LEADER |
00000nam a2200000 4500 |
| 001 |
vtls011760831 |
| 003 |
SK-MaSNL |
| 005 |
20260331211228.0 |
| 008 |
180607s2018 xo o e c 000 0dslo |
| 015 |
|
|
|a SNBE2018
|
| 020 |
|
|
|a 9788088686972 (brožované)
|
| 040 |
|
|
|a SNK
|b slo
|c SNK
|e rda
|
| 041 |
0 |
|
|a slo
|
| 043 |
|
|
|a e-xo---
|
| 044 |
|
|
|a xo
|c SK
|
| 072 |
|
7 |
|a 72/76
|x Výtvarné umenie
|2 konspekt
|
| 080 |
|
|
|a (083.824)
|2 2011
|
| 080 |
|
|
|a 72/76:159.931
|2 2011
|
| 080 |
|
|
|a 7.038.544
|2 2011
|
| 080 |
|
|
|a 7.038.1
|2 2011
|
| 080 |
|
|
|a 7.091:681.84
|2 2011
|
| 080 |
|
|
|a 7.038.3
|2 2011
|
| 080 |
|
|
|a 7.036/.038
|2 2011
|
| 080 |
|
|
|a (437.6)
|2 2011
|
| 100 |
1 |
|
|a Haas, Ašot,
|d 1981-
|4 art
|9 156375
|
| 245 |
1 |
0 |
|a Ašot Haas
|b resonance of sound : 24.05.-02.09.2018, Turčianska galéria v Martine - Žilinský samosprávny kraj
|c kurátor výstavy a autor textu Dušan Voštenák
|
| 246 |
3 |
0 |
|a Resonance of sound
|
| 264 |
|
1 |
|a Martin
|b Turčianska galéria v Martine
|c 2018
|
| 300 |
|
|
|a 26 strán
|b fotografie
|c 21 cm
|
| 336 |
|
|
|a text
|b txt
|2 rdacontent
|
| 336 |
|
|
|a statický obraz
|b sti
|2 rdacontent
|
| 337 |
|
|
|a bez média
|b n
|2 rdamedia
|
| 338 |
|
|
|a zväzok
|b nc
|2 rdacarrier
|
| 500 |
|
|
|a Životopisné dáta, prehľad výstav
|
| 600 |
1 |
7 |
|a Haas, Ašot,
|d 1981-
|2 SNKMA
|9 156375
|
| 648 |
|
7 |
|a 21. stor.
|2 SNKPH
|9 304714
|
| 648 |
|
7 |
|a 21st century
|2 SNKPHeng
|9 303236
|
| 650 |
0 |
7 |
|a vizuálne umenie
|2 SNKPH
|9 69925
|
| 650 |
0 |
7 |
|a objekty (umenie)
|2 SNKPH
|9 90587
|
| 650 |
0 |
7 |
|a geometrická abstrakcia (umenie)
|2 SNKPH
|9 51452
|
| 650 |
0 |
7 |
|a zvukové umenie
|2 SNKPH
|9 119441
|
| 650 |
0 |
7 |
|a light art
|2 SNKPH
|9 30724
|
| 650 |
0 |
7 |
|a moderné umenie
|2 SNKPH
|9 68456
|
| 650 |
0 |
7 |
|a Visual art
|2 SNKPHeng
|9 312006
|
| 650 |
0 |
7 |
|a Objects (art)
|2 SNKPHeng
|9 183931
|
| 650 |
0 |
7 |
|a Geometric abstraction (art)
|2 SNKPHeng
|9 341751
|
| 650 |
0 |
7 |
|a Sound art
|2 SNKPHeng
|9 506598
|
| 650 |
0 |
7 |
|a light art
|2 SNKPHeng
|9 30724
|
| 650 |
0 |
7 |
|a Modern art
|2 SNKPHeng
|9 294689
|
| 651 |
|
7 |
|a Slovensko
|2 SNKPH
|9 14231
|
| 651 |
|
7 |
|a Slovakia
|2 SNKPHeng
|9 92630
|
| 655 |
|
7 |
|a katalógy výstav
|2 SNKPH
|9 70445
|
| 655 |
|
7 |
|a Exhibition catalogs
|2 SNKPHeng
|9 266232
|
| 700 |
1 |
|
|a Voštenák, Dušan,
|d 1954-
|4 aut
|4 cur
|9 558321
|
| 919 |
|
|
|a 978-80-88686-97-2
|
| 999 |
|
|
|c 856403
|d 858333
|
| 952 |
|
|
|a SNK
|b SNK
|y PREZ
|7 0
|p 17A1331767
|o snkOSC 28448
|i snk2018/12381
|8 0
|0 0
|1 0
|4 0
|d 2018-06-07
|l 0
|r 2026-02-24 04:57:19
|w 2026-02-24
|
| 952 |
|
|
|a SNK
|b SNK
|y VYP
|7 0
|p 17A1331768
|o snkOSC 28448 D1
|i snk2018/12382
|8 0
|0 0
|1 0
|4 0
|d 2018-06-07
|l 0
|r 2026-02-24 04:57:19
|w 2026-02-24
|